000
00317nam a22001337a 4500
008
171005b xxu||||| |||| 00| 0 eng d
020
_a
9780072494266
041
_a
eng
080
_2
5 ED
_a
159.9
100
_a
49
101
_a
PSI
245
_a
ESSENTIAL UNDERSTANDING PSYCHOLOGY
_c
FELDMAN.R.S
942
_2
udc
_c
BK
999
_c
32056
_d
32056